01117 2200361 4500001002100000005001500021035002000036007000300056040001700059100004000076245009700116250001000213300004000223504003100263020002200294041000800316082001200324084001800336090002200354264003700376336002100413337003000434338002300464500006600487650001500553700004000568850001000608008004100618990002400659990002400683990002400707990002400731INLIS00000000000990420260413082903 a0010-0123000231ta aSBPUPADbind3 aUtama, I Gusti Bagus RaiePengarang1 aStatistik Penelitian Bisnis Pariwisata /cUtama, I Gusti Bagus Rai; Editor, Elizabeth Kurnia aEd. 1 aviii, 264 hlm :billus. ;c16x23 cm aBlibliografi, hlm 243 -252 a978-979-29-6841-50 aind a001.422 a001.422 GUS s a001.422 GUS s 5-4 aYogyakarta :bAndi Offest,c2018 2rdacontentaTeks 2rdamediaatanpa perantara 2rdacarrieravolume aGlosarium, hlm 253; Tentang Penulis, hlm 261; Indeks, hlm 263 4aKarya Umum0 aEditor, Elizabeth KurniaePengarang aPUPAD260413 0  a33.506/DAK/DPK/2019 a33.503/DAK/DPK/2019 a33.505/DAK/DPK/2019 a33.505/DAK/DPK/2019